000 00550nam a2200205Ia 4500
003 OSt
005 20220928150320.0
006 a|||||r|||| 00| 0
007 ta
008 220927b |||||||| |||| 00| 0 eng d
024 _a90309
037 _cTextual
040 _aSDCL
_cSDCL
_beng
041 _2eng
_aeng
082 _aX:8J.551'N7, L3
245 0 _aSTATUTORY AUDIT requirements in France
_b A comparison with the requirements in the UK
260 _c1973
942 _hX:8J.551'N7, L3
_cTEXL
_2CC
999 _c841164
_d841164